[Event "Abe Yanofsky mem."]
[Site "Winnipeg CAN"]
[Date "2025.08.31"]
[Round "4.10"]
[White "Bonness, Will"]
[Black "Zhou, Joe"]
[Result "1/2-1/2"]
[WhiteElo "1910"]
[BlackElo "1927"]
[WhiteFideId "-1"]
[WhiteFideId "-1"]
[PlyCount "110"]
[GameId "2226107611627575"]
[EventDate "2025.08.30"]
[EventType "swiss"]
[EventRounds "5"]
[EventCountry "CAN"]

1. e4 e6 2. d4 d5 3. exd5 exd5 4. Nf3 Nf6 5. Bd3 Bd6 6. Qe2+ Be6 7. c4 c6 8. Nc3 O-O 9. O-O dxc4 10. Bxc4 Bxc4 11. Qxc4 Nbd7 12. Bg5 h6 13. Bh4 Re8 14. Rfe1 Qc7 15. Bg3 Bxg3 16. hxg3 Nb6 17. Qb3 Rad8 18. Rxe8+ Rxe8 19. Rd1 Nfd5 20. Qc2 Re7 21. a3 Qd7 22. Qd3 Nf6 23. b4 a6 24. Ne5 Qe6 25. a4 Nfd5 26. Nxd5 Qxd5 27. a5 Nd7 28. Nxd7 Rxd7 29. Re1 g6 30. Rd1 Re7 31. Qd2 Kg7 32. Qc3 Kh7 33. Qc5 Rd7 34. Qf8 Qd6 35. Qxd6 Rxd6 36. f3 Kg7 37. Kf2 Kf6 38. Ke3 Rd5 39. Kd3 h5 40. f4 Kf5 41. Re1 Rb5 42. Kc4 Kg4 43. Re3 f6 44. Rf3 h4 45. gxh4 Kxh4 46. g3+ Kg4 47. Re3 Kf5 48. Re7 g5 49. fxg5 Kxg5 50. Rg7+ Kf5 51. g4+ Ke6 52. Rg8 Kf7 53. Rb8 Kg7 54. Rd8 Kg6 55. Rg8+ Kf7 1/2-1/2

[Event "Abe Yanofsky mem."]
[Site "Winnipeg CAN"]
[Date "2025.08.31"]
[Round "4.11"]
[White "Lake, Pablo"]
[Black "Hui, Zelus"]
[Result "0-1"]
[WhiteElo "1752"]
[BlackElo "1753"]
[WhiteFideId "-1"]
[WhiteFideId "-1"]
[PlyCount "68"]
[GameId "2226107611627576"]
[EventDate "2025.08.30"]
[EventType "swiss"]
[EventRounds "5"]
[EventCountry "CAN"]

1. e4 e6 2. Nc3 d5 3. Nf3 dxe4 4. Nxe4 Bd7 5. d4 Bc6 6. Bd3 Nd7 7. O-O Ngf6 8. Re1 Nxe4 9. Bxe4 Bxe4 10. Rxe4 Nf6 11. Re1 Be7 12. c3 O-O 13. Ne5 c6 14. Qf3 Nd5 15. Re4 Bf6 16. Rg4 g6 17. Bh6 Bg7 18. Qh3 Nf6 19. Rg3 Nh5 20. Bxg7 Nxg7 21. Re1 Qd5 22. b3 Rad8 23. Rf3 Qa5 24. Ng4 f5 25. Ne5 Rxd4 26. Qh6 Qxe5 27. Kf1 Re4 28. Rd1 Qb5+ 29. c4 Qa5 30. Rfd3 Qxa2 31. R3d2 Qxb3 32. Rd7 Qxc4+ 33. Kg1 Qc3 34. Rd8 Qe1+ 0-1

[Event "Abe Yanofsky mem."]
[Site "Winnipeg CAN"]
[Date "2025.08.31"]
[Round "4.12"]
[White "Atem, James"]
[Black "Moeez, Abdul"]
[Result "1-0"]
[WhiteElo "1815"]
[BlackElo "1906"]
[WhiteFideId "-1"]
[WhiteFideId "-1"]
[PlyCount "91"]
[GameId "2226107611631673"]
[EventDate "2025.08.30"]
[EventType "swiss"]
[EventRounds "5"]
[EventCountry "CAN"]

1. d4 d5 2. Nf3 Nf6 3. Nbd2 Bf5 4. c4 Nc6 5. a3 e6 6. e3 a6 7. Be2 Bd6 8. c5 Be7 9. Qa4 O-O 10. Nh4 Bg4 11. Qd1 Bxe2 12. Qxe2 Ne4 13. Nhf3 Ng5 14. h4 Nxf3+ 15. Nxf3 Bf6 16. g3 e5 17. dxe5 Nxe5 18. Nd4 Nc4 19. Qg4 Ne5 20. Qd1 Qd7 21. b3 Qe7 22. b4 Nc4 23. O-O a5 24. Rb1 Qe4 25. Qc2 Qxc2 26. Nxc2 axb4 27. Rxb4 Ra7 28. Rd1 c6 29. Nd4 Be7 30. Nb3 Rb8 31. e4 Rd8 32. exd5 Rxd5 33. Re1 Kf8 34. Rxc4 Ra8 35. a4 Bf6 36. Bf4 g6 37. Bh6+ Bg7 38. Bxg7+ Kxg7 39. Re7 Rd1+ 40. Kg2 Rb1 41. Rxb7 Re8 42. Rf4 Rf8 43. a5 Rb2 44. a6 Ra2 45. Nd4 Kg8 46. a7 1-0

[Event "Abe Yanofsky mem."]
[Site "Winnipeg CAN"]
[Date "2025.09.01"]
[Round "5.1"]
[White "Jodar, Marlon"]
[Black "Anderson, Collin"]
[Result "1-0"]
[WhiteElo "2323"]
[BlackElo "2174"]
[WhiteFideId "-1"]
[WhiteFideId "-1"]
[PlyCount "77"]
[GameId "2226107611631674"]
[EventDate "2025.08.30"]
[EventType "swiss"]
[EventRounds "5"]
[EventCountry "CAN"]

1. e4 c5 2. Nf3 Nc6 3. Bb5 g6 4. O-O Bg7 5. Re1 e5 6. Bxc6 dxc6 7. d3 Qc7 8. Be3 b6 9. a3 a5 10. Nbd2 Ne7 11. Nc4 Be6 12. b3 O-O 13. h3 h6 14. Qc1 Kh7 15. Qb2 f5 16. Bd2 fxe4 17. dxe4 b5 18. Ne3 Bxh3 19. Qc3 Rxf3 20. gxf3 Rf8 21. Nf1 g5 22. f4 Bxf1 23. Kxf1 exf4 24. e5 Ng6 25. Qxc5 Nxe5 26. Bc3 Rf5 27. Rad1 g4 28. Qd6 Qxd6 29. Rxd6 Nf7 30. Rxc6 Bxc3 31. Rxc3 f3 32. Re4 h5 33. Rc6 Rd5 34. Ke1 Ne5 35. Re6 Ng6 36. c4 bxc4 37. bxc4 Rc5 38. Rd6 g3 39. fxg3 1-0

[Event "Abe Yanofsky mem."]
[Site "Winnipeg CAN"]
[Date "2025.09.01"]
[Round "5.2"]
[White "De Groot, Steven"]
[Black "Salkeld, Tobias"]
[Result "0-1"]
[WhiteElo "1936"]
[BlackElo "2217"]
[WhiteFideId "-1"]
[WhiteFideId "-1"]
[PlyCount "50"]
[GameId "2226107611631675"]
[EventDate "2025.08.30"]
[EventType "swiss"]
[EventRounds "5"]
[EventCountry "CAN"]

1. Nf3 f5 2. c4 Nf6 3. g3 g6 4. b3 Bg7 5. Bb2 O-O 6. Bg2 d6 7. O-O e5 8. d3 Nc6 9. Nbd2 Qe7 10. e3 Bd7 11. a3 a5 12. Qc2 f4 13. Bc3 fxe3 14. fxe3 Ng4 15. Rfe1 Bh6 16. Nf1 e4 17. dxe4 Nce5 18. Nxe5 Nxe5 19. Nd2 Ng4 20. Qd3 Rf7 21. h3 Nf2 22. Qc2 Bxh3 23. Re2 Bg4 24. Ree1 Raf8 25. Kh2 Qg5 0-1

[Event "Abe Yanofsky mem."]
[Site "Winnipeg CAN"]
[Date "2025.09.01"]
[Round "5.3"]
[White "Moleta, Johan"]
[Black "Protsyuk, Svitlana"]
[Result "0-1"]
[WhiteElo "1813"]
[BlackElo "2071"]
[WhiteFideId "-1"]
[WhiteFideId "-1"]
[PlyCount "63"]
[GameId "2226107611631676"]
[EventDate "2025.08.30"]
[EventType "swiss"]
[EventRounds "5"]
[EventCountry "CAN"]

1. Nf3 c5 2. c4 Nc6 3. Nc3 g6 4. g3 Bg7 5. Bg2 e5 6. O-O d6 7. d3 h6 8. Rb1 Be6 9. a3 f5 10. Bd2 Rc8 11. b4 Qd7 12. Ne1 Nge7 13. Nc2 O-O 14. Ne3 f4 15. Ned5 b6 16. b5 Nd4 17. Nxe7+ Qxe7 18. Nd5 Qd7 19. gxf4 Rce8 20. fxe5 dxe5 21. e3 Nf5 22. f4 Nh4 23. Rf2 Bg4 24. Qf1 exf4 25. Nxf4 Rd8 26. Be4 g5 27. Bc6 Qd6 28. Bd5+ Kh8 29. h3 Bf5 30. Nh5 Be5 31. Rxf5 Rxf5 32. Qxf5 0-1

[Event "Abe Yanofsky mem."]
[Site "Winnipeg CAN"]
[Date "2025.09.01"]
[Round "5.4"]
[White "Gres, Yakiv"]
[Black "Vaughan, Nathan"]
[Result "1-0"]
[WhiteElo "2032"]
[BlackElo "1951"]
[WhiteFideId "-1"]
[WhiteFideId "-1"]
[PlyCount "81"]
[GameId "2226107611635773"]
[EventDate "2025.08.30"]
[EventType "swiss"]
[EventRounds "5"]
[EventCountry "CAN"]

1. e4 e5 2. Nf3 Nc6 3. Bb5 Nf6 4. O-O Nxe4 5. Re1 Nd6 6. Nxe5 Nxe5 7. Rxe5+ Be7 8. Bf1 O-O 9. d4 Bf6 10. Bd3 Bxe5 11. dxe5 Ne8 12. Nc3 d6 13. Qh5 g6 14. Qh6 Qe7 15. Bg5 Qxe5 16. Kf1 Bf5 17. Bxf5 Qxf5 18. Be7 Ng7 19. Bxf8 Rxf8 20. Qd2 Re8 21. Rd1 Qe5 22. g3 Nf5 23. a4 c6 24. b4 h5 25. Kg1 d5 26. Nb1 h4 27. Qd3 Kg7 28. c3 hxg3 29. hxg3 Nd6 30. Nd2 Ne4 31. Re1 f5 32. Nf3 Qf6 33. Qe3 b6 34. a5 Rb8 35. a6 Rd8 36. Kg2 Nd6 37. Qe7+ Nf7 38. Qxa7 Qxc3 39. Ng5 Qf6 40. Ne6+ Kh6 41. Rh1+ 1-0

[Event "Abe Yanofsky mem."]
[Site "Winnipeg CAN"]
[Date "2025.09.01"]
[Round "5.5"]
[White "Bertrand, Nathanael"]
[Black "Burrows, Zachary"]
[Result "1-0"]
[WhiteElo "1925"]
[BlackElo "2069"]
[WhiteFideId "-1"]
[WhiteFideId "-1"]
[PlyCount "111"]
[GameId "2226107611635774"]
[EventDate "2025.08.30"]
[EventType "swiss"]
[EventRounds "5"]
[EventCountry "CAN"]

1. e4 c5 2. Nc3 Nc6 3. f4 e6 4. Bb5 Nd4 5. Bd3 d5 6. Nf3 dxe4 7. Nxe4 Qc7 8. O-O Bd7 9. Ne5 Nf6 10. c3 Nc6 11. Qf3 Bd6 12. Nxd6+ Qxd6 13. Bb5 O-O 14. Nxd7 Qxd7 15. Bxc6 bxc6 16. b3 Rfd8 17. Ba3 Qxd2 18. Rfd1 Qc2 19. Bxc5 Ne4 20. Bd4 f5 21. Rdc1 Qb2 22. Rcb1 Qa3 23. Re1 c5 24. Be5 Rd2 25. Rxe4 fxe4 26. Qg4 Rd7 27. Qxe6+ Rf7 28. Rd1 e3 29. Re1 Qxa2 30. Rxe3 Qd2 31. Bd6 Kh8 32. Re2 Qc1+ 33. Kf2 Rf6 34. Qe8+ Rf8 35. Qe4 Rg8 36. Qc4 Qd1 37. Bxc5 Rac8 38. Qb5 Qd5 39. b4 Qh5 40. h3 Qh4+ 41. Kg1 Qxf4 42. Bd4 Rcf8 43. Rf2 Qc1+ 44. Rf1 Rxf1+ 45. Qxf1 Qa3 46. Qf7 Qc1+ 47. Kh2 h6 48. Qxa7 Qf4+ 49. Kg1 Qg3 50. Qa6 Re8 51. Bf2 Qxc3 52. b5 Qc1+ 53. Kh2 Qf4+ 54. Bg3 Qc4 55. Qc6 Rc8 56. Qd7 1-0

[Event "Abe Yanofsky mem."]
[Site "Winnipeg CAN"]
[Date "2025.09.01"]
[Round "5.6"]
[White "Pottinger, Carl"]
[Black "Hamm, Gabriel"]
[Result "1-0"]
[WhiteElo "1720"]
[BlackElo "2059"]
[WhiteFideId "-1"]
[WhiteFideId "-1"]
[PlyCount "103"]
[GameId "2226107611635775"]
[EventDate "2025.08.30"]
[EventType "swiss"]
[EventRounds "5"]
[EventCountry "CAN"]

1. d4 Nf6 2. Bf4 d5 3. Nf3 c5 4. e3 Nc6 5. Nbd2 e6 6. Bb5 Qb6 7. c4 cxd4 8. exd4 dxc4 9. Qa4 a6 10. Bxc6+ bxc6 11. O-O Qb5 12. Qxc4 Nd5 13. Bg3 Be7 14. Rfc1 Bb7 15. Ne4 Rd8 16. a4 Qb4 17. Nc5 Qxc4 18. Rxc4 Bxc5 19. dxc5 a5 20. Bd6 f6 21. Re1 Kf7 22. Nd4 e5 23. Nb3 Ra8 24. Rcc1 Rhe8 25. Nd2 Ba6 26. Ne4 Bd3 27. Nc3 Nb4 28. Red1 e4 29. h4 f5 30. Bf4 Ra7 31. Rd2 Rd7 32. Nd1 Nd5 33. Bd6 Kg6 34. Nc3 Nb4 35. Ne2 Bxe2 36. Rxe2 Nd3 37. Rc3 Rb7 38. b3 Rb4 39. Kf1 Rc8 40. g3 Kh5 41. Kg2 Kg4 42. Re3 Rd4 43. Kf1 Nb4 44. f3+ exf3 45. Rxf3 Re8 46. Rf4+ Rxf4+ 47. Bxf4 Nd5 48. Rc4 Re4 49. Rxe4 fxe4 50. Bd2 e3 51. Bxa5 Kf3 52. Be1 1-0

[Event "Abe Yanofsky mem."]
[Site "Winnipeg CAN"]
[Date "2025.09.01"]
[Round "5.7"]
[White "Punay, Rhailey"]
[Black "Wang, Lucas"]
[Result "1-0"]
[WhiteElo "1993"]
[BlackElo "1884"]
[WhiteFideId "-1"]
[WhiteFideId "-1"]
[PlyCount "101"]
[GameId "2226107611639872"]
[EventDate "2025.08.30"]
[EventType "swiss"]
[EventRounds "5"]
[EventCountry "CAN"]

1. e4 c5 2. Nf3 g6 3. d4 cxd4 4. Nxd4 Nf6 5. Nc3 d6 6. Bc4 Nc6 7. f3 Bg7 8. Be3 a6 9. Bb3 Bd7 10. Nxc6 bxc6 11. Qd2 Qc7 12. O-O-O h5 13. Bg5 Rb8 14. h3 Nh7 15. Bh6 Bf6 16. f4 Nf8 17. Bxf8 Rxf8 18. Rhe1 Bg7 19. Kb1 Qa5 20. Re3 Be6 21. Rf3 Qb4 22. f5 Bc4 23. Rg3 Be5 24. Rg5 a5 25. fxg6 a4 26. Rxe5 axb3 27. cxb3 Be2 28. Qxd6 Qxd6 29. Rxd6 f6 30. Ree6 Ba6 31. Rxc6 Bc8 32. Rb6 Ra8 33. Rec6 Rg8 34. Nd5 Kd8 35. Rc7 Rg7 36. Rxf6 exf6 37. Rxg7 Ra6 38. Rg8+ Kd7 39. Rxc8 Kxc8 40. g7 Kd7 41. g8=Q Rc6 42. Qf7+ Kd8 43. Nxf6 Rxf6 44. Qxf6+ Kd7 45. e5 Kc8 46. e6 Kc7 47. e7 Kd7 48. Qf7 Kd6 49. e8=Q h4 50. Qf6+ Kd5 51. Qee5# 1-0

[Event "Abe Yanofsky mem."]
[Site "Winnipeg CAN"]
[Date "2025.09.01"]
[Round "5.8"]
[White "Bonness, Will"]
[Black "Rutter, Blair"]
[Result "1-0"]
[WhiteElo "1910"]
[BlackElo "1931"]
[WhiteFideId "-1"]
[WhiteFideId "-1"]
[PlyCount "161"]
[GameId "2226107611639873"]
[EventDate "2025.08.30"]
[EventType "swiss"]
[EventRounds "5"]
[EventCountry "CAN"]

1. e4 c6 2. Nc3 d5 3. Nf3 Bg4 4. h3 Bh5 5. exd5 cxd5 6. Bb5+ Nc6 7. g4 Bg6 8. Ne5 Qd6 9. d4 f6 10. Nxg6 hxg6 11. Qf3 e6 12. Be3 Kf7 13. h4 Nge7 14. O-O-O Kg8 15. h5 gxh5 16. gxh5 Nf5 17. Rdg1 Kf7 18. Qg4 Ke8 19. Bd3 Nce7 20. Bf4 Qd7 21. Bb5 Nc6 22. Ne2 Rc8 23. c3 Kd8 24. Kb1 Bd6 25. Re1 a6 26. Bd3 Nce7 27. Bxd6 Qxd6 28. Nf4 e5 29. Bxf5 Nxf5 30. Ng6 Nh6 31. Qg3 Re8 32. dxe5 fxe5 33. Rxe5 Rxe5 34. Qxe5 Qxe5 35. Nxe5 Ke7 36. Rg1 Ke6 37. Nf3 Rc7 38. Nd4+ Kf6 39. Rg6+ Ke5 40. Rg5+ Kd6 41. f4 Rf7 42. f5 Ke5 43. Kc2 Kf4 44. Rxg7 Rxg7 45. Ne6+ Kxf5 46. Nxg7+ Kg5 47. Ne6+ Kxh5 48. Nf4+ Kg5 49. Nxd5 Kf5 50. Kd3 Ke5 51. Kc4 Kd6 52. Ne3 Nf7 53. Nf5+ Kc6 54. Nd4+ Kd6 55. b4 Ne5+ 56. Kb3 Kd5 57. a4 Nc4 58. Nf5 Nd2+ 59. Kc2 Nc4 60. a5 Ke5 61. Ne7 Kd6 62. Nf5+ Kd5 63. Nd4 Ne3+ 64. Kb3 Nc4 65. Kc2 Ne3+ 66. Kd3 Nc4 67. Nb3 Ne5+ 68. Kc2 Nc4 69. Nc5 Kc6 70. Ne6 b6 71. Nd4+ Kd5 72. axb6 Nxb6 73. Kb3 Ke4 74. Nc6 Nd5 75. c4 Nc7 76. Ka4 Kd3 77. c5 Kc4 78. Ka5 Kd5 79. Nb8 Kc4 80. Nxa6 Kd5 81. Nxc7+ 1-0

[Event "Abe Yanofsky mem."]
[Site "Winnipeg CAN"]
[Date "2025.09.01"]
[Round "5.9"]
[White "Hui, Zelus"]
[Black "Zhou, Joe"]
[Result "1/2-1/2"]
[WhiteElo "1753"]
[BlackElo "1927"]
[WhiteFideId "-1"]
[WhiteFideId "-1"]
[PlyCount "78"]
[GameId "2226107611639874"]
[EventDate "2025.08.30"]
[EventType "swiss"]
[EventRounds "5"]
[EventCountry "CAN"]

1. c4 e5 2. g3 Nf6 3. Bg2 Nc6 4. Nc3 Bc5 5. e3 d6 6. Nge2 a6 7. a3 a5 8. O-O O-O 9. d4 exd4 10. Nxd4 Bxd4 11. exd4 Bf5 12. Be3 Re8 13. h3 Qd7 14. g4 Bg6 15. Re1 Re7 16. Qb3 Rae8 17. Rad1 Rb8 18. Kf1 h6 19. f4 Be4 20. Nxe4 Nxe4 21. Bxe4 Rxe4 22. d5 Nd8 23. Qd3 Re8 24. Bf2 Rxe1+ 25. Rxe1 b6 26. Bh4 f6 27. Qg6 Nb7 28. Bxf6 Qf7 29. Qxf7+ Kxf7 30. Bh4 Re8 31. Rxe8 Kxe8 32. b4 Kd7 33. f5 a4 34. f6 g5 35. Bf2 Nd8 36. h4 Nf7 37. hxg5 hxg5 38. Be3 Ke8 39. Ke2 Ne5 1/2-1/2

[Event "Abe Yanofsky mem."]
[Site "Winnipeg CAN"]
[Date "2025.09.01"]
[Round "5.10"]
[White "Atem, James"]
[Black "Nagelberg, Alan"]
[Result "1-0"]
[WhiteElo "1815"]
[BlackElo "1981"]
[WhiteFideId "-1"]
[WhiteFideId "-1"]
[PlyCount "91"]
[GameId "2226107611643971"]
[EventDate "2025.08.30"]
[EventType "swiss"]
[EventRounds "5"]
[EventCountry "CAN"]

1. e4 c5 2. Nf3 Nc6 3. c3 Nf6 4. d3 g6 5. Nbd2 Bg7 6. Nc4 b5 7. Ne3 d5 8. e5 Ng4 9. d4 Nxe3 10. Bxe3 c4 11. Qd2 h6 12. h3 Bf5 13. Nh2 Qb6 14. g4 Be6 15. Bg2 b4 16. O-O h5 17. f4 hxg4 18. hxg4 O-O-O 19. f5 gxf5 20. gxf5 Bd7 21. Bxd5 Bxf5 22. Bxc6 Qxc6 23. Rxf5 Rh3 24. Qf2 Rdh8 25. Bf4 Qe4 26. Rg5 Bh6 27. Re1 Qh7 28. Rg2 Bxf4 29. Qxf4 Rh4 30. Qg3 Rh3 31. Qf2 bxc3 32. bxc3 Rxc3 33. d5 Qh4 34. Qc5+ Kd7 35. e6+ Kd8 36. Qa5+ Kc8 37. Qxc3 fxe6 38. Rxe6 Kd7 39. Ree2 Rb8 40. Re1 Rb5 41. Rg4 Qh7 42. Qxc4 Rb6 43. Rc1 Qh6 44. Qc7+ Ke8 45. Qc8+ Kf7 46. Rf1+ 1-0

[Event "Abe Yanofsky mem."]
[Site "Winnipeg CAN"]
[Date "2025.09.01"]
[Round "5.11"]
[White "Zhang, Ian"]
[Black "Lake, Pablo"]
[Result "1/2-1/2"]
[WhiteElo "1845"]
[BlackElo "1752"]
[WhiteFideId "-1"]
[WhiteFideId "-1"]
[PlyCount "60"]
[GameId "2226107611643972"]
[EventDate "2025.08.30"]
[EventType "swiss"]
[EventRounds "5"]
[EventCountry "CAN"]

1. e4 e6 2. d4 d5 3. Bd3 c5 4. exd5 exd5 5. dxc5 Bxc5 6. Nf3 Nf6 7. Bf4 O-O 8. O-O Nc6 9. c3 Qb6 10. Qc2 h6 11. Nbd2 Nh5 12. Bg3 Nxg3 13. hxg3 Bd7 14. Nb3 Bd6 15. Nfd4 Rac8 16. Qd2 Ne5 17. Qc2 Nxd3 18. Qxd3 Rfe8 19. Qf3 Re4 20. Rfe1 Rce8 21. Rxe4 Rxe4 22. Qd3 a6 23. Qd2 Re8 24. Re1 Qd8 25. Rxe8+ Qxe8 26. Nf3 Qe4 27. Qd1 Be6 28. Nbd4 Bd7 29. Kh2 b5 30. a3 Kh8 1/2-1/2

[Event "Abe Yanofsky mem. U1800"]
[Site "Winnipeg CAN"]
[Date "2025.08.30"]
[Round "1.13"]
[White "Wang, Elvis"]
[Black "Minano, John"]
[Result "1/2-1/2"]
[WhiteElo "1504"]
[BlackElo "1747"]
[WhiteFideId "-1"]
[WhiteFideId "-1"]
[PlyCount "100"]
[GameId "2226107713724543"]
[EventDate "2025.08.30"]
[EventType "swiss"]
[EventRounds "5"]
[EventCountry "CAN"]

1. d4 f5 2. Nf3 e6 3. b3 Nf6 4. Bb2 Be7 5. e3 O-O 6. Be2 b6 7. O-O Bb7 8. Nc3 Ne4 9. Nd2 Nxc3 10. Bxc3 d5 11. Bb2 g5 12. c4 g4 13. Bxg4 Bd6 14. Be2 Nd7 15. Nf3 Qe8 16. Ne5 Bxe5 17. dxe5 dxc4 18. Bxc4 Qg6 19. f3 Rad8 20. Qe1 Nc5 21. Qg3 Qxg3 22. hxg3 Ba6 23. Bxa6 Nxa6 24. Rad1 c5 25. a3 Kf7 26. Kf2 Ke7 27. Ke2 Rg8 28. Rh1 Rg7 29. Rxd8 Kxd8 30. Rd1+ Rd7 31. Rxd7+ Kxd7 32. Kd3 Kc6 33. e4 fxe4+ 34. Kxe4 b5 35. f4 Nc7 36. g4 b4 37. f5 Kd7 38. axb4 cxb4 39. Bc1 a5 40. f6 Nb5 41. f7 Ke7 42. Bh6 Kxf7 43. Kd3 Kg6 44. Bd2 Kf7 45. Kc4 Na3+ 46. Kc5 Nb1 47. Be1 Nc3 48. Kc4 Nd5 49. Kb5 Ne3 50. Kxa5 Nxg4 1/2-1/2

[Event "Abe Yanofsky mem. U1800"]
[Site "Winnipeg CAN"]
[Date "2025.08.30"]
[Round "1.14"]
[White "Letain, Cory"]
[Black "Trueman, Francis"]
[Result "1/2-1/2"]
[WhiteElo "1740"]
[BlackElo "1481"]
[WhiteFideId "-1"]
[WhiteFideId "-1"]
[PlyCount "59"]
[GameId "2226107713749120"]
[EventDate "2025.08.30"]
[EventType "swiss"]
[EventRounds "5"]
[EventCountry "CAN"]

1. e4 d6 2. d4 Nd7 3. c4 e5 4. d5 Ngf6 5. Nc3 Be7 6. Be2 a5 7. g4 Nc5 8. Qc2 Nxg4 9. Bxg4 Bxg4 10. Be3 Nd7 11. Nge2 Nf6 12. O-O-O Bd7 13. Rdg1 O-O 14. Qd2 Kh8 15. f3 Rg8 16. h4 h5 17. Nd1 a4 18. Nf2 b5 19. cxb5 Bxb5 20. Nh3 Nh7 21. Ng5 Nxg5 22. hxg5 g6 23. f4 Bxe2 24. Qxe2 exf4 25. Rxh5+ Kg7 26. Bd4+ Kf8 27. Rh7 Bxg5 28. Qg4 f6 29. Qe6 Qe8 30. Qxe8+ 1/2-1/2

[Event "Abe Yanofsky mem. U1800"]
[Site "Winnipeg CAN"]
[Date "2025.08.30"]
[Round "1.15"]
[White "Jo, Asher"]
[Black "Melnyk, James"]
[Result "1-0"]
[WhiteElo "1470"]
[BlackElo "1730"]
[WhiteFideId "-1"]
[WhiteFideId "-1"]
[PlyCount "97"]
[GameId "2226107713757313"]
[EventDate "2025.08.30"]
[EventType "swiss"]
[EventRounds "5"]
[EventCountry "CAN"]

1. d4 d6 2. c4 Nf6 3. Nf3 c6 4. Nc3 Nbd7 5. Bf4 Qa5 6. e3 Ne4 7. Qc2 Nxc3 8. bxc3 g6 9. Bd3 Bg7 10. O-O O-O 11. Bg3 Nf6 12. e4 Nh5 13. Bh4 Re8 14. Rfc1 Nf4 15. Qd2 Nxd3 16. Qxd3 Bg4 17. d5 c5 18. Rab1 Qc7 19. h3 Bd7 20. Kh2 f5 21. Rb3 fxe4 22. Qxe4 Bf5 23. Qe2 e5 24. Bg3 Qe7 25. Nh4 Bc8 26. Re1 Bf6 27. Nf3 Rb8 28. Nd2 Bf5 29. Ne4 Bxe4 30. Qxe4 Qd7 31. Qf3 Rf8 32. Qe4 a6 33. Bh4 Bxh4 34. Qxh4 Qf5 35. Kg1 Rf7 36. Reb1 Qd7 37. Rb6 Qf5 38. R1b2 Rd7 39. Qh6 Rf8 40. f3 Rff7 41. a3 Qd3 42. Rxa6 Rf8 43. Rxd6 Rg7 44. Rdb6 e4 45. Rxb7 Qxc3 46. R2b3 Qe1+ 47. Kh2 Rxb7 48. Rxb7 Qc3 49. Qxh7# 1-0

[Event "Abe Yanofsky mem. U1800"]
[Site "Winnipeg CAN"]
[Date "2025.08.30"]
[Round "1.17"]
[White "Hui, Zenas"]
[Black "Miao, Yupeng"]
[Result "1-0"]
[WhiteElo "1402"]
[BlackElo "1704"]
[WhiteFideId "-1"]
[WhiteFideId "-1"]
[PlyCount "45"]
[GameId "2226107713761411"]
[EventDate "2025.08.30"]
[EventType "swiss"]
[EventRounds "5"]
[EventCountry "CAN"]

1. c4 c5 2. g3 g6 3. Bg2 Bg7 4. Nc3 Nc6 5. e3 Nf6 6. Nge2 d6 7. O-O O-O 8. d4 a6 9. b3 Qc7 10. Bb2 Rb8 11. h3 b5 12. cxb5 axb5 13. dxc5 dxc5 14. Nf4 e6 15. Qe2 c4 16. Ne4 Nxe4 17. Bxg7 Nxg3 18. fxg3 Kxg7 19. bxc4 b4 20. g4 Bb7 21. Qf2 Ne5 22. Bxb7 Rxb7 23. Nxe6+ 1-0

[Event "Abe Yanofsky mem. U1800"]
[Site "Winnipeg CAN"]
[Date "2025.08.30"]
[Round "1.18"]
[White "Goodman, Clifford"]
[Black "Pacin, Ondrej"]
[Result "1-0"]
[WhiteElo "1697"]
[BlackElo "1387"]
[WhiteFideId "-1"]
[WhiteFideId "-1"]
[PlyCount "45"]
[GameId "2226107713765508"]
[EventDate "2025.08.30"]
[EventType "swiss"]
[EventRounds "5"]
[EventCountry "CAN"]

1. Nf3 c6 2. c4 e6 3. d4 d5 4. Nc3 Nf6 5. cxd5 exd5 6. Bg5 h6 7. Bh4 g5 8. Bg3 Nh5 9. e4 Nxg3 10. hxg3 Bg7 11. exd5 cxd5 12. Bb5+ Nc6 13. Qe2+ Be6 14. Ne5 Rc8 15. Bxc6+ bxc6 16. O-O O-O 17. Na4 Re8 18. Qh5 Bxe5 19. dxe5 Kg7 20. f4 Bf5 21. fxg5 Bg6 22. Qxh6+ Kg8 23. Rf4 1-0

[Event "Abe Yanofsky mem. U1800"]
[Site "Winnipeg CAN"]
[Date "2025.08.30"]
[Round "1.19"]
[White "Nikkel, Daniel"]
[Black "Breadner, David"]
[Result "0-1"]
[WhiteElo "1357"]
[BlackElo "1652"]
[WhiteFideId "-1"]
[WhiteFideId "-1"]
[PlyCount "84"]
[GameId "2226107713769605"]
[EventDate "2025.08.30"]
[EventType "swiss"]
[EventRounds "5"]
[EventCountry "CAN"]

1. Nf3 Nc6 2. d4 d5 3. g3 Nf6 4. Nc3 Bf5 5. a3 e6 6. Bg2 Be7 7. O-O O-O 8. h3 a6 9. Nh4 Be4 10. Nf3 Bd6 11. Nxe4 Nxe4 12. Nh2 Nf6 13. Re1 h6 14. e4 dxe4 15. Bxe4 Nxe4 16. Rxe4 Ne7 17. Ng4 Ng6 18. h4 Kh7 19. Re1 Re8 20. Qd3 Kh8 21. Qf3 Re7 22. h5 f5 23. Ne5 Nxe5 24. dxe5 Bc5 25. Be3 Bxe3 26. Rxe3 c6 27. Rd3 Rd7 28. Rxd7 Qxd7 29. Rd1 Qe7 30. Rd6 Rd8 31. Qd3 Rxd6 32. Qxd6 Qf7 33. c3 f4 34. g4 f3 35. b4 Qf4 36. Qxe6 Qc1+ 37. Kh2 Qf1 38. Kg3 Qg2+ 39. Kf4 Qxf2 40. Kf5 Qc2+ 41. Kf4 f2 42. Qc4 Qc1+ 0-1

[Event "Abe Yanofsky mem. U1800"]
[Site "Winnipeg CAN"]
[Date "2025.08.30"]
[Round "1.21"]
[White "Magnussen, Donald"]
[Black "Jin, Winston"]
[Result "0-1"]
[WhiteElo "1292"]
[BlackElo "1596"]
[WhiteFideId "-1"]
[WhiteFideId "-1"]
[PlyCount "68"]
[GameId "2226107713777799"]
[EventDate "2025.08.30"]
[EventType "swiss"]
[EventRounds "5"]
[EventCountry "CAN"]

1. c4 e5 2. g3 Nc6 3. Nc3 Bc5 4. Bg2 a6 5. e3 d6 6. Nge2 Nf6 7. O-O Bd7 8. Re1 Qc8 9. d4 Ba7 10. a3 Bh3 11. Bh1 O-O 12. b4 b5 13. Bxc6 Ng4 14. f3 Rb8 15. Nd5 Kh8 16. Nec3 Qe6 17. Ne4 exd4 18. Ng5 dxe3 19. c5 Qe5 20. Nxh3 Qxa1 21. fxg4 dxc5 22. Bxe3 Qxa3 23. Qc2 h6 24. bxc5 Qa5 25. Bd2 Qa3 26. Bb4 Qf3 27. Ne7 Qxg4 28. Re4 Qxh3 29. Rh4 Qe6 30. Qc3 Qxe7 31. Qd4 Rbd8 32. Qg4 Bxc5+ 33. Bxc5 Qxc5+ 34. Kf1 Rd2 0-1

[Event "Abe Yanofsky mem. U1800"]
[Site "Winnipeg CAN"]
[Date "2025.08.30"]
[Round "1.23"]
[White "Iyer, Pia"]
[Black "Towns, Barry"]
[Result "0-1"]
[WhiteElo "1208"]
[BlackElo "1588"]
[WhiteFideId "-1"]
[WhiteFideId "-1"]
[PlyCount "38"]
[GameId "2226107713781897"]
[EventDate "2025.08.30"]
[EventType "swiss"]
[EventRounds "5"]
[EventCountry "CAN"]

1. e4 e5 2. Nf3 Nc6 3. Bc4 Bc5 4. O-O Nf6 5. Nc3 d5 6. Bxd5 Nxd5 7. Nxd5 Bg4 8. h3 Bh5 9. d3 O-O 10. Bg5 f6 11. Bh4 g5 12. Bg3 Nd4 13. Kh1 Qd7 14. Bxe5 Bxf3 15. Nxf6+ Rxf6 16. Kh2 Rh6 17. g4 Qxg4 18. Bg3 Qxh3+ 19. Kg1 Qg2# 0-1

[Event "Abe Yanofsky mem. U1800"]
[Site "Winnipeg CAN"]
[Date "2025.08.30"]
[Round "2.14"]
[White "Gannon, Keith"]
[Black "Goodman, Clifford"]
[Result "1-0"]
[WhiteElo "1588"]
[BlackElo "1697"]
[WhiteFideId "-1"]
[WhiteFideId "-1"]
[PlyCount "97"]
[GameId "2226107713785995"]
[EventDate "2025.08.30"]
[EventType "swiss"]
[EventRounds "5"]
[EventCountry "CAN"]

1. c4 c5 2. Nf3 Nc6 3. Nc3 Nf6 4. e4 e5 5. d3 d6 6. Be2 Bg4 7. h3 Bxf3 8. Bxf3 Nd4 9. Qa4+ Qd7 10. Qxd7+ Nxd7 11. Bd1 a6 12. O-O Be7 13. Nd5 Nf6 14. Nc7+ Kd7 15. Nxa8 Rxa8 16. a3 b5 17. cxb5 axb5 18. a4 d5 19. Bg5 dxe4 20. Bxf6 Bxf6 21. dxe4 Kd6 22. b3 bxa4 23. Rxa4 Rb8 24. Ra6+ Ke7 25. Ra5 Kd6 26. Ra3 Nb5 27. Ra6+ Ke7 28. f4 exf4 29. Rxf4 Bd4+ 30. Kf1 Rb7 31. Be2 Nc3 32. Bc4 f6 33. g4 Be5 34. Re6+ Kd8 35. Rf3 Nxe4 36. Rd3+ Rd7 37. Rxd7+ Kxd7 38. Ra6 Nd2+ 39. Ke2 Nxc4 40. bxc4 Ke7 41. Kf3 Kf7 42. Rc6 Bd4 43. Ke4 Kg6 44. Rc7 h6 45. Kf3 f5 46. gxf5+ Kxf5 47. Rf7+ Kg6 48. Rf4 Bg1 49. Rg4+ 1-0